| 000 | 01257nas a2200409 4500 | ||
|---|---|---|---|
| 001 | BR2022000293 | ||
| 003 | BR-BrBNA | ||
| 005 | 20231205132237.0 | ||
| 007 | ta | ||
| 008 | 230509b bl.|||p| |||| 00| 00por d | ||
| 040 |
_aBR-BrBNA _bpor _cBiblioteca Nacional de Agricultura |
||
| 041 | _a(En) | ||
| 072 | _aQ04; L02 | ||
| 100 | 1 | _aGagliostro, G.A. | |
| 100 | 1 | _aPatiño, E.M. | |
| 100 | 1 | _aNegrete, M.S. | |
| 100 | 1 | _aSager, G. | |
| 100 | 1 | _aCastelli, L. | |
| 100 | 1 | _aAntonacci, L.E. | |
| 100 | 1 | _aRaco, F. | |
| 100 | 1 | _aGallello, L. | |
| 100 | 1 | _aRodriguez, M.A. | |
| 100 | 1 | _aCañameras, C. | |
| 100 | 1 | _aZampatti, M. | |
| 100 | 1 | _aBernal, C. | |
| 245 | 1 | _aMilk fatty acid profile from grazing buffaloes fed a blend of soybean and linseed oils | |
| 650 | _aBÚFALO | ||
| 650 | _aDIETA | ||
| 650 | _aSUPLEMENTO ALIMENTAR | ||
| 650 | _aLEITE | ||
| 650 | _aCOMPOSIÇÃO QUÍMICA | ||
| 650 | _aVALOR NUTRITIVO | ||
| 773 | 0 |
_tArquivo Brasileiro de Medicina Veterinária e Zootecnia (Brazil) _xISSN 1678-4162 _g(May-Jun 2015), v. 67(3) p. 927-934 _wBR2022000293 |
|
| 856 | 4 | 0 | _uhttps://www.scielo.br/j/abmvz/a/Nd6PcX5LjkytJjncxQcpQPJ/?format=pdf lang=en |
| 909 |
_a202311 _bLúcia _c55 _dLúcia Elande |
||
| 942 |
_2AGRIS _n0 _cANA |
||
| 999 |
_c259259 _d259259 |
||